| 000 | 00795nam a2200181Ia 4500 | ||
|---|---|---|---|
| 008 | 100920s9999 xx 000 0 und d | ||
| 082 |
_b64611 _a891.43 थ 94 |
||
| 100 | _aसांकृत्यायन कमला. | ||
| 245 | _aराहुल वाङमय खं्नड-1 जीवन यात्रा.जिल्द 4. | ||
| 260 |
_bराधाकृष्ण प्रकाशन,दिल्ली. _c1994 |
||
| 300 |
_a717 _bसाधी |
||
| 365 | _b375 | ||
| 520 | _aहिंदी. | ||
| 630 | _aराहुल वाङमय खं्नड-1 जीवन यात्रा.जिल्द 4. | ||
| 650 | _aहिंदी. | ||
| 730 | _aराहुल वाङमय खं्नड-1 जीवन यात्रा.जिल्द 4. | ||
| 942 | _cBOOK | ||
| 999 |
_c707609 _d707606 |
||